Maryvonne de Saint Pulgent, Les musiciens et le pouvoir en France. De Lully à Boulez. Gallimard, «Bibliothèque illustrée des Histoires», 2025, 544 páginas, 86 ilustraciones, 35 euros. (notice n° 1516634)
[ vue normale ]
| 000 -LEADER | |
|---|---|
| fixed length control field | 00595cam a2200145 4500500 |
| 005 - DATE AND TIME OF LATEST TRANSACTION | |
| control field | 20251012005113.0 |
| 041 ## - LANGUAGE CODE | |
| Language code of text/sound track or separate title | fre |
| 042 ## - AUTHENTICATION CODE | |
| Authentication code | dc |
| 100 10 - MAIN ENTRY--PERSONAL NAME | |
| Personal name | Skoric, Arthur |
| Relator term | author |
| 245 00 - TITLE STATEMENT | |
| Title | Maryvonne de Saint Pulgent, Les musiciens et le pouvoir en France. De Lully à Boulez. Gallimard, «Bibliothèque illustrée des Histoires», 2025, 544 páginas, 86 ilustraciones, 35 euros. |
| 260 ## - PUBLICATION, DISTRIBUTION, ETC. | |
| Date of publication, distribution, etc. | 2025.<br/> |
| 500 ## - GENERAL NOTE | |
| General note | 44 |
| 786 0# - DATA SOURCE ENTRY | |
| Note | Études | Juillet-Août | 7-8 | 2025-07-01 | p. 126-126 |
| 856 41 - ELECTRONIC LOCATION AND ACCESS | |
| Uniform Resource Identifier | <a href="https://shs.cairn.info/revista-etudes-2025-7-8-page-126?lang=es&redirect-ssocas=7080">https://shs.cairn.info/revista-etudes-2025-7-8-page-126?lang=es&redirect-ssocas=7080</a> |
Pas d'exemplaire disponible.




Réseaux sociaux